Przystanki tramwajowe w Poznaniu - wersja 2025 - Statystyki

Ogólne statystyki
  • Ten quiz został rozwiązany 164 razy
    158 od ostatniego zresetowania
  • Średni wynik to 78 z 137
Statystyki odpowiedzi
Lp Odpowiedź % Poprawnych
137 Most Teatralny
87%
127 Rondo Rataje
85%
126 Rondo Śródka
85%
123 Os.Sobieskiego
84%
130 Głogowska/Hetmańska
82%
134 Kórnicka
82%
45 Ogrody
82%
135 Poznań Główny
80%
132 Rondo Kaponiera
80%
26 Junikowo
79%
133 Rynek Jeżycki
79%
1 Franowo
78%
50 Lechicka/Naramowicka
77%
73 | 74 Dworzec Zachodni
76%
62 Wrocławska
76%
97 Fredry
73%
125 Rondo Starołęka
73%
84 Wierzbięcice
73%
131 AWF
72%
46 Błażeja
72%
92 Miłostowo
72%
34 Półwiejska
72%
9 Żegrze I
72%
8 Żegrze II
72%
27 Dębiec PKM
71%
4 Piaśnicka/Kurlandzka
71%
3 Szwedzka
71%
119 Aleje Solidarności
70%
79 Górczyn PKM
70%
83 Most Dworcowy
70%
75 Park Wilsona
70%
32 Rynek Wildecki
70%
7 Żegrze III
70%
37 Aleje Marcinkowskiego
68%
69 Os.Lecha
68%
65 Politechnika
67%
76 Rynek Łazarski
67%
40 Zamek
67%
82 Bałtyk
66%
100 Małe Garbary
66%
6 Os.Czecha
66%
118 Słowiańska
66%
64 Most Św.Rocha
65%
128 Rondo Nowaka-Jeziorańskiego
65%
39 Gwarna
63%
66 Polanka
63%
124 Rondo Żegrze
63%
53 Wilczak
63%
43 Polna
62%
115 Starołęka PKM
62%
122 Szymanowskiego
62%
129 Traugutta
62%
11 Unii Lubelskiej
62%
71 Baraniaka
61%
101 Katedra
61%
60 Poznańska
61%
2 Szwajcarska
61%
5 Piaśnicka Rynek
60%
86 Serafitek
60%
20 Stadion Miejski
60%
61 Święty Marcin
60%
59 Wielkopolska
60%
23 Budziszyńska
59%
121 Kurpińskiego
59%
58 Armii Poznań
57%
120 Lechicka Poznań Plaza
57%
49 Naramowice
57%
15 Arciszewskiego
56%
12 Hetmańska Wiadukt
56%
13 Rolna
56%
29 HCP
55%
81 Matejki
55%
104 Os.Rzeczypospolitej
55%
106 Piątkowska
55%
52 Serbska
55%
70 Zawady
55%
67 Łacina
54%
68 Os.Tysiąclecia
54%
93 Połabska
54%
72 Uniwersytet Ekonomiczny
52%
44 Żeromskiego
52%
16 Arena
51%
41 Stare Zoo
51%
103 Os.Piastowskie
50%
56 Pasieka
50%
63 Pl.Bernardyński
50%
99 Pl.Wielkopolski
50%
112 Sołacz
50%
114 Klin
49%
30 Pamiątkowa
49%
98 Pl.Ratajskiego
49%
111 Uniwersytet Przyrodniczy
49%
57 Żniwna
49%
105 Bukowska
48%
14 Kolejowa
48%
117 Starołęka Mała
46%
85 Św.Czesława
46%
102 Wioślarska
46%
38 27 Grudnia - Teatr Polski
45%
47 Jasna Rola
45%
77 Krauthofera
45%
17 Ostroroga
45%
36 Pl.Wiosny Ludów
45%
88 Termalna
45%
55 Kmieca
44%
42 Kraszewskiego
44%
35 Łąkowa
44%
113 Nad Wierzbakiem
44%
33 Różana
44%
80 Wojskowa
44%
19 Drzewieckiego
43%
18 Grochowska
43%
110 Bonin
41%
25 Cmentarna
41%
54 Przełajowa
41%
94 Rondo Solidarności
41%
21 Węgorka
41%
28 Wspólna
41%
96 Murawa
40%
48 Os.Łokietka
40%
78 Sielska
40%
51 Włodarska
40%
31 Kosińskiego
39%
107 Lutycka Szpital
39%
95 Os.Pod Lipami
39%
22 Rondo Skubiszewskiego
39%
109 Św.Leonarda
38%
87 Św.Michała
38%
116 Bystra
37%
89 Krańcowa
37%
108 Os.Winiary
37%
91 Mogileńska
34%
90 Łomżyńska
33%
10 Tadeuszak
33%
24 Grotkowska
32%
136 Biblioteka Uniwersytecka
21%
Nie znaleziono quizów pasujących do podanych kryteriów
Rozkład punktacji
Procent ludzi z każdym wynikiem
Percentyl według liczby udzielonych odpowiedzi
Twoja historia wyników
Nie rozwiązałeś tego quizu od ostatniego zresetowania